01008cam a22003014a 450000100090000000300090000900500170001800800410003501000170007602000150009302500280010803700770013604000230021304100130023604200100024904300120025905000260027108200160029724500980031326000590041130000410047052000470051154600250055860000350058365000350061870000180065370000350067115001741BDDh-ASL20231015030313.0070911s2006 bg a 010 0beng  a 2007340171 a9840802119 aB-E-2007-340171; 21; 24 bLibrary of Congress -- New Delhi Overseas OfficecTk350.00 ($15.00 U.S.) aDLCcDLCdBDDh-ASL0 aengaben alcode aa-bg---00aKNG110.I27b.J87 2006 a923.4bJUS 00aJustice Muhammad Ibrahim, 1898-1966 :bmemorial volume /cedited and compiled by Sufia Ahmed. aDhaka :bAcademic Press and Publishers Library,c2006. a294 p. :bill. (some col.) ;c22 cm. aContributed articles on his life and work. aEnglish and Bengali.10aIbrahim, Muhammad,d1898-1966. 0aJudgeszBangladeshvBiography,1 aAhmed, Sufia.1 aIbrahim, Muhammad,d1898-1966.